The Pedestrian Looks Back/ (Record no. 203146)
[ view plain ]
| 000 -LEADER | |
|---|---|
| fixed length control field | 00508nam a22001817a 4500 |
| 005 - DATE AND TIME OF LATEST TRANSACTION | |
| control field | 20240522111946.0 |
| 010 ## - LCCN (DPL NO) | |
| LC control number | ENG-140456 |
| 020 ## - INTERNATIONAL STANDARD BOOK NUMBER | |
| International Standard Book Number | 9788787800071 |
| Terms of availability | 201.00 |
| 035 ## - SYSTEM CONTROL NUMBER | |
| System control number | EN-123988 |
| 037 ## - SOURCE OF ACQUISITION | |
| Source of stock number/acquisition | DBAD |
| 082 ## - DEWEY DECIMAL CLASSIFICATION NUMBER | |
| Classification number | 881 |
| 100 ## - MAIN ENTRY--PERSONAL NAME | |
| Personal name | Pathak, Dayananda |
| 245 ## - TITLE STATEMENT | |
| Title | The Pedestrian Looks Back/ |
| Statement of responsibility, etc | By Dayananda Pathak |
| 260 ## - PUBLICATION, DISTRIBUTION, ETC. (IMPRINT) | |
| Name of publisher, distributor, etc | Manikut Prakash |
| Date of publication, distribution, etc | 2022 |
| Place of publication, distribution, etc | Guwahati |
| 270 ## - ADDRESS | |
| Address | Deka & Deka Printing Press Rajgarh |
| 300 ## - PHYSICAL DESCRIPTION | |
| Extent | 48p. |
| Dimensions | 22cm(hb) |
| 942 ## - ADDED ENTRY ELEMENTS (KOHA) | |
| Source of classification or shelving scheme | Dewey Decimal Classification |
| Item type | English Books |
| Classification part | 881 |
| Call number suffix | PAT |
| Withdrawn status | Lost status | Not for loan | Collection code | Home library | Current library | Date acquired | Source of acquisition | Cost, normal purchase price | Full call number | Barcode | Copy number | Cost, replacement price | Koha item type |
|---|---|---|---|---|---|---|---|---|---|---|---|---|---|
| Non-fiction | Central Jail Tihar | Central Jail Tihar | 22/05/2024 | DBAD | 201.00 | 881 PAT | EN-123988 | 1 | 201.00 | English Books |
